Statistics for AC Odyssey Cult of Kosmos

Click here to take the quiz!

General Stats

  • This quiz has been taken 11 times
  • The average score is 9 of 44

Answer Stats

Character ProfileCharacter Name% Correct
Weapon of the CultDeimos
89%
Ghost of KosmosAspasia
78%
Eyes of Kosmos (1st Cultist met)Elpenor
67%
Sage of The Peloponnesian LeaguePausanias
56%
Worshippers of the BloodlineChrysis
44%
Sage of Heroes of the CultExekias the Legend
44%
Sage of Eyes of KosmosNyx the Shadow
33%
Eyes of KosmosThe Master
33%
Gods of the Aegean SeaThe Octopus
33%
Heroes of the CultBelos the Beast of Sparta
22%
The Delian LeagueBrison
22%
The Delian LeagueIobates the Stoic
22%
Sage of The Delian LeagueKleon the Everyman
22%
The Peloponnesian LeagueLagos the Archon
22%
Eyes of KosmosMidas
22%
Heroes of the CultPallas the Silencer
22%
The Delian LeagueRhexenor the Hand
22%
The Silver VeinThe Chimera
22%
Sage of Gods of the Aegean SeaThe Hydra
22%
The Peloponnesian LeagueThe Monger
22%
Worshippers of the BloodlineZoisme
22%
Gods of the Aegean SeaAsterion
11%
Worshippers of the BloodlineHarpalos
11%
Sage of Worshippers of the BloodlineIokaste the Seer
11%
The Delian LeagueKodros the Bull
11%
The Silver VeinMachaon the Feared
11%
Worshippers of the BloodlineMelite
11%
Heroes of the CultOkytos the Great
11%
The Delian LeaguePodarkes the Cruel
11%
The Peloponnesian LeagueSkylax the Fair
11%
Eyes of KosmosSotera
11%
The Silver VeinThe Centaur of Euboea
11%
Heroes of the CultDeianeira
0%
Worshippers of the BloodlineDiona
0%
The Silver VeinEpiktetos the Forthcoming
0%
Eyes of KosmosHermippos
0%
The Peloponnesian LeagueKallias
0%
Gods of the Aegean SeaMelanthos
0%
Sage of The Silver VeinPolemon the Wise
0%
The Peloponnesian LeagueSilanos of Paros
0%
Gods of the Aegean SeaSokos
0%
Heroes of the CultSwordfish
0%
Gods of the Aegean SeaThe Mytilenian Shark
0%
The Silver VeinThe Silver Griffin
0%

Score Distribution

Percentile by Number Answered

Percent of People with Each Score

Your Score History

You have not taken this quiz